Design of equilibrium stage processes (Record no. 13251)

000 -LEADER
fixed length control field 00589nam a22002171 4500
001 - CONTROL NUMBER
control field 13251
003 - CONTROL NUMBER IDENTIFIER
control field BD-DhUET
008 - FIXED-LENGTH DATA ELEMENTS--GENERAL INFORMATION
fixed length control field 740517s1963 nyua b 000 0 eng
020 ## - INTERNATIONAL STANDARD BOOK NUMBER
International Standard Book Number 070586373
040 ## - CATALOGING SOURCE
Original cataloging agency DLC
Transcribing agency OAkU
Modifying agency BD-DhUET
082 ## - DEWEY DECIMAL CLASSIFICATION NUMBER
Classification number 660.28422
Item number SMI/1963
100 1# - MAIN ENTRY--PERSONAL NAME
Personal name Smith, Buford D.
245 10 - TITLE STATEMENT
Title Design of equilibrium stage processes
250 ## - EDITION STATEMENT
Edition statement 1st ed.
260 ## - PUBLICATION, DISTRIBUTION, ETC. (IMPRINT)
Place of publication, distribution, etc. New York
Name of publisher, distributor, etc. McGraw-Hill
Date of publication, distribution, etc. 1963
300 ## - PHYSICAL DESCRIPTION
Extent 647 p.
Other physical details ill.
Dimensions 24 cm.
490 ## - SERIES STATEMENT
Series statement McGraw-Hill chemical engineering series
504 ## - BIBLIOGRAPHY, ETC. NOTE
Bibliography, etc Includes bibliographies
650 #0 - SUBJECT ADDED ENTRY--TOPICAL TERM
Topical term or geographic name as entry element Chemical equilibrium
942 ## - ADDED ENTRY ELEMENTS (KOHA)
Koha item type General Book
Holdings
Damaged status Shelving location Copy number Source of classification or shelving scheme Koha item type Location (home branch) Date acquired Lost status Piece designation (barcode) Koha full call number Sublocation or collection (holding branch) Koha normalized classification for sorting Price effective from Not for loan Withdrawn status Koha date last seen
 Circulation section1 General BookCentral Library, BUET2015-03-02 34954660.28422/SMI/1963Central Library, BUET660_284220000000000_SMI_19632015-03-02  2015-03-02
 Circulation section2 General BookCentral Library, BUET2015-03-03 29845660.28422/SMI/1963Central Library, BUET660_284220000000000_SMI_19632015-03-03  2015-03-03
 Circulation section3 General BookCentral Library, BUET2015-03-03 29841660.28422/SMI/1963Central Library, BUET660_284220000000000_SMI_19632015-03-03  2015-03-03
 Circulation section4 General BookCentral Library, BUET2015-03-03 29847660.28422/SMI/1963Central Library, BUET660_284220000000000_SMI_19632015-03-03  2015-03-03
 Circulation section5 General BookCentral Library, BUET2015-03-03 29853660.28422/SMI/1963Central Library, BUET660_284220000000000_SMI_19632015-03-03  2015-03-03
 Circulation section6 General BookCentral Library, BUET2015-03-03 29843660.28422/SMI/1963Central Library, BUET660_284220000000000_SMI_19632015-03-03  2015-03-03
 Circulation section7 General BookCentral Library, BUET2015-03-03 29844660.28422/SMI/1963Central Library, BUET660_284220000000000_SMI_19632015-03-03  2015-03-03
 Circulation section8 General BookCentral Library, BUET2015-03-03 29840660.28422/SMI/1963Central Library, BUET660_284220000000000_SMI_19632015-03-03  2015-03-03
 Circulation section9 General BookCentral Library, BUET2015-03-03 34955660.28422/SMI/1963Central Library, BUET660_284220000000000_SMI_19632015-03-03  2015-03-03
 Circulation section10 General BookCentral Library, BUET2015-05-11 11477660.28422/SMI/1963Central Library, BUET660_284220000000000_SMI_19632015-05-11  2015-05-11
 Circulation section11 General BookCentral Library, BUET2015-05-11 29846660.28422/SMI/1963Central Library, BUET660_284220000000000_SMI_19632015-05-11  2015-05-11
 Circulation section12 General BookCentral Library, BUET2015-05-11 34953660.28422/SMI/1963Central Library, BUET660_284220000000000_SMI_19632015-05-11  2015-05-11
 Circulation section13 General BookCentral Library, BUET2015-05-11 18836660.28422/SMI/1963Central Library, BUET660_284220000000000_SMI_19632015-05-11  2015-05-11
 Circulation section14 General BookCentral Library, BUET2015-05-11 29854660.28422/SMI/1963Central Library, BUET660_284220000000000_SMI_19632015-05-11  2015-05-11
 Circulation section15 General BookCentral Library, BUET2015-05-11 29856660.28422/SMI/1963Central Library, BUET660_284220000000000_SMI_19632015-05-11  2015-05-11
 Circulation section16 General BookCentral Library, BUET2015-05-19 29848660.28422/SMI/1963Central Library, BUET660_284220000000000_SMI_19632015-05-19  2015-05-19
 Reading section17 Reading ItemCentral Library, BUET2015-06-18 6449660.28422/SMI/1963Central Library, BUET660_284220000000000_SMI_19632015-06-18  2015-06-18